000 00631nam a22001937a 4500
003 OSt
005 20250701063400.0
008 250701b |||||||| |||| 00| 0 eng d
020 _a9789715870900
040 _aDWCL - Main lib
_cOC
082 _aFil. 657.45 E55p 2014
100 _aEmpleo, Patricia M.
245 _aPractical auditing (textbook and IFRS based exercises)/
_cPatricia M. Empleo
260 _aMandaluyong City :
_b Millennium Books, Inc.,
_cc2014.
300 _a284 pages :
_b illustrations ;
_c27cm.
504 _a-Includes bibliographical references
650 _a1. Auditing.
942 _2ddc
_cBK - FIL
_kFil.
_n0
999 _c3338
_d3338